| 000 | 00523nam a2200181Ia 4500 | ||
|---|---|---|---|
| 003 | OSt | ||
| 005 | 20201202112717.0 | ||
| 008 | 190216s9999||||xx |||||||||||||| ||und|| | ||
| 020 | _a8171305644 | ||
| 040 | _coclc | ||
| 082 |
_a894.8123 _bTHI/C |
||
| 100 |
_aThiruvazhiode, Unnikrishnan _96835 |
||
| 245 | 0 |
_aChoothaattam / _cUnnikrishnan Thiruvazhiode |
|
| 260 |
_bD C Books Kerala, _c1996. _aKottayam: |
||
| 300 | _a227p | ||
| 650 | _aNovel | ||
| 942 |
_cBK _2ddc _h894.8123 _iTHI/C _k894.8123 _mTHI/C |
||
| 999 |
_c28016 _d28016 |
||